Microlocal analysis and applications : lectures given at the 2nd session of the Centro internazionale matematico estivo (C.I.M.E.) held at Montecatini Terme, Italy, July 3-11, 1989
Αποθηκεύτηκε σε:
| Συγγραφή απο Οργανισμό/Αρχή: | |
|---|---|
| Άλλοι συγγραφείς: | , , |
| Μορφή: | Βιβλίο |
| Γλώσσα: | English |
| Δημοσίευση: |
Berlin ; New York :
Springer-Verlag,
c1991
|
| Σειρά: | Lecture notes in mathematics (Springer-Verlag)
; 1495 |
| Θέματα: | |
| Ετικέτες: |
Προσθήκη ετικέτας
Δεν υπάρχουν, Καταχωρήστε ετικέτα πρώτοι!
|
MARC
| LEADER | 00000cam a2200000 i 4500 | ||
|---|---|---|---|
| 001 | 1/27714 | ||
| 008 | 960430s1991 eng d | ||
| 020 | |a 354054948X | ||
| 020 | |a 038754948X | ||
| 035 | |l 10037890 | ||
| 035 | |a 1995 | ||
| 040 | |a GR-MY-UA |b gre |e aacr | ||
| 041 | 0 | |a eng | |
| 082 | 0 | |a 515. |2 (20) | |
| 245 | 0 | 0 | |a Microlocal analysis and applications : |b lectures given at the 2nd session of the Centro internazionale matematico estivo (C.I.M.E.) held at Montecatini Terme, Italy, July 3-11, 1989 / |c J.M. Bony ... [et al.] ; editors L. Cattabriga, L. Rodino |
| 260 | |a Berlin ; New York : |b Springer-Verlag, |c c1991 | ||
| 300 | |a 349 p.; |b ill.; |c 25 cm. | ||
| 490 | 1 | |a Lecture notes in mathematics (Springer-Verlag) |v ; 1495 | |
| 504 | |a Includes bibliographical references | ||
| 650 | 0 | 0 | |a Mathematical analysis |x Congresses. |
| 650 | 0 | 0 | |a Microlocal analysis |x Congresses. |
| 700 | 1 | |a Bony, J. M. | |
| 700 | 1 | |a Cattabriga, Lamberto, |e edt | |
| 700 | 1 | |a Rodino, L. |q (Luigi) |e edt | |
| 710 | 2 | |a Centro internazionale matematico estivo. | |
| 830 | 0 | |a Lecture notes in mathematics (Springer-Verlag) |v ; 1495 | |
| 852 | |a INST |b SAMOS |e 19960430 |h 515 CEN |p 005300005353 |q 005300005353 |t BK |y 0 | ||
| 909 | |a Σ |b 039382 | ||